000 002870000a22001330004500
003 MACL
040 _aMACL
090 _c32066
_d32064
100 _aFleming, John
245 _aDictionary Of Architecture
260 _bPenguin Books
_c1991
650 _aDictionary
942 _cBOOK
_k403Fle
999 _c31742
_d31742